书目信息 |
| 题名: |
图论及其应用习题解答
|
|
| 作者: | 张克民 编著 | |
| 分册: | ||
| 出版信息: | 北京 清华大学出版社 1988.4 |
|
| 页数: | 309页 | |
| 开本: | 19cm | |
| 丛书名: | ||
| 单 册: | ||
| 中图分类: | O157.5 , O157.6-44 | |
| 科图分类: | 51.427 | |
| 主题词: | 图论--解题 , 代数 , 数论 , 组合数学 | |
| 电子资源: | ||
| ISBN: | 7-302-00016-6 | |
| 000 | 00819nam0 2200301 45 | |
| 001 | 0188004941 | |
| 005 | 20040518090506.3 | |
| 010 | @a7-302-00016-6@dCNY1.45 | |
| 020 | @aCN@b88004941 | |
| 100 | @a19910411d1988 m y0chiy0120 ea | |
| 101 | 0 | @achi |
| 102 | @aCN@b110000 | |
| 105 | @ay q 000yy | |
| 106 | @ar | |
| 200 | 10 | @a图论及其应用习题解答@Atu lun ji qi ying yong xi ti jie da@f张克民等编著@Fzhang ke min deng bian zhu |
| 210 | @a北京@c清华大学出版社@d1988.4 | |
| 215 | @a309页@d19cm | |
| 540 | 1 | @a图论@Atu lun |
| 606 | @a图论@x解题 | |
| 606 | 0 | @a代数 |
| 606 | 0 | @a数论 |
| 606 | 0 | @a组合数学 |
| 690 | @aO157.5@v1980 | |
| 690 | @aO157.6-44 | |
| 692 | @a51.427@v1974 | |
| 701 | 0 | @a张克民@Azhang ke min@4编著 |
| 801 | 0 | @aCN@bNLC@c19910411 |
| 905 | @f1@b241437@f1@b210121@dO157.6-44@e40 | |
| 图论及其应用习题解答/张克民等编著.-北京:清华大学出版社,1988.4 |
| 309页;19cm |
| ISBN 7-302-00016-6:CNY1.45 |
| ● |
| 相关链接 |
|
|
|
|
正题名:图论及其应用习题解答
索取号:O157.6-44/40
 
预约/预借
| 序号 | 登录号 | 条形码 | 馆藏地/架位号 | 状态 | 备注 |
| 1 | 0210121 | 000415615 | 第三借阅区/ [索取号:O157.6-44/40] | 在馆 | |
| 2 | 0210123 | 000415642 | 第二样本阅览室/ [索取号:O157.6-44/40] | 在馆 | |
| 3 | 0241437 | 000415624 | 第三借阅区/ [索取号:O157.6-44/40] | 在馆 |